| 000 | 00803cam a2200241 a 4500 | ||
|---|---|---|---|
| 005 | 20260322212006.0 | ||
| 008 | data | ||
| 010 | _a 2005617266 | ||
| 020 | _a1889322695 | ||
| 020 | _a9781889322698 | ||
| 040 |
_aDLC _cDLC _dDLC |
||
| 050 | 0 | 0 |
_aHQ783 _b.D69 2005 |
| 082 | 0 | 0 |
_a302/.14071 _222 |
| 100 | 1 |
_aDowd, Tom _q(Tom P.) |
|
| 245 | 1 | 0 |
_aTeaching social skills to youth : _ba step-by-step guide to 182 basic to complex skills plus helpful teaching techniques / _cTom Dowd & Jeff Tierney. |
| 250 | _a2nd ed. | ||
| 260 |
_aBoys Town, Neb. : _bBoys Town Press, _cc2005. |
||
| 300 |
_a314 p. ; _c28 cm. + _e1 CD-ROM (4 3/4 in.) |
||
| 504 | _aIncludes bibliographical references (p. 301-307) and index. | ||
| 650 | 0 |
_aSocial skills in children _xStudy and teaching. |
|
| 700 | 1 | _aTierney, Jeff. | |
| 001 | data | ||
| 999 |
_c92 _d92 |
||